• 首页
  • 本馆介绍
  • 公告通知
  • 最新文献
  • 馆藏检索
  • 电子资源
  • 读者导购
  • 参考咨询
  • 我的图书馆
  • 登录
  • 详细信息显示
  • 放入我的书架
  • 预约/预借图书
  • 作者相关作品
  • 分类相关作品
  • 丛书相关作品
  • 出版社相关作品

书目信息

  • 表格格式
  • 工作单格式
  • 卡片格式
题名:
方言笺疏
    
 
作者: 钱绎撰集
分册: 上  
出版信息: 上海   上海古籍出版社  1984.5
页数: 456页
开本: 19cm
丛书名:
单 册:
中图分类: H171
科图分类:
主题词: 汉语方言
电子资源:
ISBN:
000 00540nam0 2200205 45
001 0303180908
005 20040427150557.1
010    @dCNY5.35@b精装
091    @a9186.27
100    @a20030318d1984 km y0chiy0120 ea
101 0  @achi
105    @a z 000yy
200 1  @a方言笺疏@h上@AFang Yan Jian Shu@f(清)钱绎撰集@F(Qing)Qian Yi Zhuan Ji
210    @a上海@c上海古籍出版社@d1984.5
215    @a456页@d19cm
606 0  @a汉语方言
690    @aH171@v3
701  0 @a钱绎撰集
801    @aCN@bTSTC@c20030318
905    @dH171@e1:1@f1@b112289
    
    方言笺疏.上/(清)钱绎撰集.-上海:上海古籍出版社,1984.5
    456页;19cm
    
    
    ISBN (精装):CNY5.35
    
●
相关链接 在E读中查询图书 在五车中查询图书 在当当中查询图书 在豆瓣中查询图书


正题名:方言笺疏     索取号:H171/1:1         预约/预借

序号 登录号 条形码 馆藏地/架位号 状态 备注
1 0111574   001775920   密集书库/ [索取号:H171/1:1] 在馆    
2 0111575   001775886   密集书库/ [索取号:H171/1:1] 在馆    
3 0111576   001775840   密集书库/ [索取号:H171/1:1] 在馆    
4 0111577   001775804   密集书库/ [索取号:H171/1:1] 在馆    
5 0111578   000847560   第四借阅区/ [索取号:H171/1:1] 在馆    
6 0111579   001776199   密集书库/ [索取号:H171/1:1] 在馆    
7 0111580   001776046   密集书库/ [索取号:H171/1:1] 在馆    
8 0111581   001776000   密集书库/ [索取号:H171/1:1] 在馆    
9 0111582   001775966   密集书库/ [索取号:H171/1:1] 在馆    
10 0112289   000847640   第四借阅区/ [索取号:H171/1:1] 在馆    
11 0112290   000846730   第二样本阅览室/ [索取号:H171/1:1] 在馆    
12 0118681   001770042   密集书库/ [索取号:H171/1:1] 在馆    
13 0118682   001770006   密集书库/ [索取号:H171/1:1] 在馆    
14 0118683   001769964   密集书库/ [索取号:H171/1:1] 在馆    
唐山师范学院图书馆 欢迎您!
大连网信软件有限公司© 版权所有